Flags of Men's FIFA World Cup Hosts - Statistics

General Stats
  • This quiz has been taken 24 times
  • The average score is 22 of 23
Answer Stats
Picture Hint Answer % Correct
1934, 1990 Italy
100%
1930, 2030 Uruguay
100%
1978, 2030 Argentina
95%
1950, 2014 Brazil
95%
2026 Canada
95%
1962 Chile
95%
1938, 1998 France
95%
1974, 2006 Germany
95%
2002 Japan
95%
1970, 1986, 2026 Mexico
95%
2030 Morocco
95%
2030 Paraguay
95%
2030 Portugal
95%
2022 Qatar
95%
2018 Russia
95%
2034 Saudi Arabia
95%
2010 South Africa
95%
2002 South Korea
95%
1982, 2030 Spain
95%
1958 Sweden
95%
1954 Switzerland
95%
1994, 2026 United States
95%
1966 England
91%
No matching quizzes found
Score Distribution
Percent of People with Each Score
Percentile by Number Answered
Your Score History
You have not taken this quiz